[Event "HEM 2006 B"]
[Site "Marburg"]
[Date "2006.04.13"]
[Round "4.9"]
[White "Montermann, Klaus"]
[Black "Reitmeier, Markus"]
[Result "1-0"]
[WhiteElo "2140"]
[BlackElo "1786"]
[PlyCount "77"]
[EventDate "2006.04.12"]
[EventType "swiss"]
[EventCountry "GER"]

1. d4 d5 2. Nf3 g6 3. Bg5 Bg7 4. c3 Nf6 5. Nbd2 Nbd7 6. e3 a6 7. Bd3 c5 8. O-O
O-O 9. Qe2 b5 10. Rfe1 Bb7 11. Rad1 Qc7 12. Bf4 Qc8 13. Ne5 c4 14. Bc2 Re8 15.
h3 Nxe5 16. Bxe5 Nd7 17. Bxg7 Kxg7 18. f4 f5 19. Nf3 Qc6 20. g4 e6 21. Qg2 Qd6
22. gxf5 exf5 23. Bxf5 Nf8 24. Ne5 Bc8 25. Bg4 Ra7 26. Rd2 Kh8 27. Qg3 Rg7 28.
Rg2 Qf6 29. Rf1 Bf5 30. Bxf5 Qxf5 31. Qf3 Qe4 32. Qxe4 dxe4 33. f5 gxf5 34.
Rxg7 Kxg7 35. Rxf5 Re7 36. Kg2 Ne6 37. Kg3 Rc7 38. d5 Rb7 39. dxe6 1-0

[Event "HEM 2006 B"]
[Site "Marburg"]
[Date "2006.04.13"]
[Round "4.10"]
[White "Klettke, Wolfgang"]
[Black "Martens, Nick"]
[Result "1-0"]
[WhiteElo "2104"]
[BlackElo "1393"]
[PlyCount "77"]
[EventDate "2006.04.12"]
[EventType "swiss"]
[EventCountry "GER"]

1. e4 e5 2. Nf3 Nf6 3. Nxe5 d6 4. Nf3 Nxe4 5. d4 Bg4 6. Be2 Be7 7. O-O d5 8.
Bf4 O-O 9. h3 Bh5 10. Nbd2 f5 11. c4 c6 12. Rc1 Kh8 13. cxd5 Qxd5 14. Bc4 Qd8
15. Qb3 Qb6 16. Rfe1 Qxb3 17. Nxb3 Bb4 18. Re3 Nd7 19. a3 Be7 20. Be6 Nb6 21.
Na5 Bd6 22. Be5 Rab8 23. Bxf5 Rxf5 24. Rxe4 Bxe5 25. Nxe5 Bf7 26. Nxf7+ Rxf7
27. Rce1 h6 28. Re8+ Rxe8 29. Rxe8+ Kh7 30. Rb8 Rd7 31. Rxb7 Rxd4 32. Nxc6 Rd1+
33. Kh2 Rd2 34. Nxa7 Nc4 35. Kg3 Nxb2 36. Nb5 Rd3+ 37. f3 Rb3 38. Nd6 Rxa3 39.
Rxb2 1-0

[Event "HEM 2006 B"]
[Site "Marburg"]
[Date "2006.04.13"]
[Round "4.11"]
[White "Bauch, Frank"]
[Black "Marth, Jürgen"]
[Result "0-1"]
[WhiteElo "1682"]
[BlackElo "2044"]
[PlyCount "53"]
[EventDate "2006.04.12"]
[EventType "swiss"]
[EventCountry "GER"]

1. d4 Nf6 2. Nf3 c5 3. e3 g6 4. Bd3 Bg7 5. O-O b6 6. c4 O-O 7. Nc3 cxd4 8. exd4
d5 9. Be3 Bb7 10. Rc1 Na6 11. Qe2 Nb4 12. Bb1 dxc4 13. Qxc4 a5 14. Rfd1 Bxf3
15. gxf3 Qd7 16. Qe2 Qh3 17. d5 Nh5 18. a3 Be5 19. f4 Nxf4 20. Bxf4 Bxf4 21. f3
Bxc1 22. Rxc1 Na6 23. Ne4 Rac8 24. Rd1 Nc5 25. Ng5 Qh4 26. Qe3 h6 27. Rd4 0-1

[Event "HEM 2006 B"]
[Site "Marburg"]
[Date "2006.04.13"]
[Round "4.12"]
[White "Ritscher, Georg"]
[Black "Saßmannshausen, Mark"]
[Result "1-0"]
[WhiteElo "2034"]
[BlackElo "1785"]
[PlyCount "81"]
[EventDate "2006.04.12"]
[EventType "swiss"]
[EventCountry "GER"]

1. e4 e5 2. Nf3 d5 3. exd5 e4 4. Qe2 Nf6 5. d3 Bb4+ 6. c3 O-O 7. dxe4 Be7 8.
Qc2 c6 9. Be2 cxd5 10. exd5 Qxd5 11. O-O Bf5 12. Qd1 Qa5 13. Be3 Nd5 14. Nd4
Nxe3 15. fxe3 Bg6 16. Bf3 Qb6 17. Qb3 Nd7 18. Bxb7 Rab8 19. Qxb6 Nxb6 20. Bf3
Bg5 21. e4 Nc4 22. b3 Be3+ 23. Kh1 Nd6 24. Re1 Bf2 25. Re2 Bh4 26. g3 Bg5 27.
Na3 Rfe8 28. Rae1 a5 29. h4 Be7 30. h5 Nxe4 31. Bxe4 Bxa3 32. hxg6 hxg6 33. Bc6
Rxe2 34. Rxe2 Rb6 35. Re8+ Kh7 36. Bd5 Rf6 37. Kg2 Bb2 38. Nf3 Rf5 39. Bxf7
Bxc3 40. Bg8+ Kh6 41. Be6 1-0

[Event "HEM 2006 B"]
[Site "Marburg"]
[Date "2006.04.13"]
[Round "4.13"]
[White "Werner, Alexander"]
[Black "Diez, Gerhard"]
[Result "1/2-1/2"]
[WhiteElo "1731"]
[BlackElo "2014"]
[PlyCount "114"]
[EventDate "2006.04.12"]
[EventType "swiss"]
[EventCountry "GER"]

1. e4 c5 2. c3 d5 3. exd5 Qxd5 4. d4 e6 5. Nf3 a6 6. Be3 Nf6 7. Bd3 b6 8. O-O
Bb7 9. Re1 Be7 10. Bg5 Nbd7 11. Bf1 h6 12. Be3 O-O 13. c4 Qd6 14. Nc3 Ng4 15.
d5 exd5 16. Nxd5 Bxd5 17. Qxd5 Qxd5 18. cxd5 Bd6 19. g3 b5 20. Rad1 Rfe8 21. b3
Ndf6 22. Bh3 Nxe3 23. fxe3 Rad8 24. Bg2 Ne4 25. a4 Bf8 26. Nh4 g6 27. axb5 axb5
28. Bxe4 Rxe4 29. Re2 Kg7 30. Kf2 f5 31. Ra2 Bd6 32. Ra7+ Re7 33. Ra6 Kf7 34.
Rb6 b4 35. Ra1 Kf6 36. Raa6 Red7 37. Rc6 g5 38. Nf3 g4 39. Nd2 Ke5 40. e4 fxe4
41. Ke3 Kxd5 42. Nxe4 Rf7 43. Nxd6 Rf3+ 44. Ke2 Rdf8 45. Nc4 Re8+ 46. Kd2 Rxb3
47. Na5 Ra3 48. Rd6+ Ke4 49. Nb7 c4 50. Rxa3 bxa3 51. Ra6 Kf3 52. Rxa3+ Kg2 53.
Rc3 Kxh2 54. Na5 Rd8+ 55. Ke2 Rd3 56. Rxd3 cxd3+ 57. Kxd3 Kxg3 1/2-1/2

[Event "HEM 2006 B"]
[Site "Marburg"]
[Date "2006.04.13"]
[Round "4.14"]
[White "Radtke, Thoralf"]
[Black "Förster, Rudi"]
[Result "1-0"]
[WhiteElo "1646"]
[BlackElo "1967"]
[PlyCount "117"]
[EventDate "2006.04.12"]
[EventType "swiss"]
[EventCountry "GER"]

1. f4 e5 2. fxe5 d6 3. exd6 Bxd6 4. Nf3 Bg4 5. e4 Nc6 6. Bb5 Qe7 7. d3 O-O-O 8.
Bxc6 bxc6 9. Qe2 h5 10. a3 Nh6 11. Nc3 Bxf3 12. gxf3 Qh4+ 13. Qf2 Qh3 14. Ne2
f5 15. Ng1 Bc5 16. Nxh3 Bxf2+ 17. Nxf2 fxe4 18. fxe4 Rdf8 19. h3 Rf3 20. Rf1
Rhf8 21. Bxh6 gxh6 22. Ke2 Rg3 23. Rg1 h4 24. Raf1 Rfg8 25. Rxg3 hxg3 26. Ng4
h5 27. Nf6 Rh8 28. Kf3 h4 29. Kg2 a5 30. Rf5 Rh6 31. Ng4 Rh7 32. Rxa5 Kb7 33.
Rf5 Kb6 34. Ne5 c5 35. b3 Kb5 36. Nf3 Kb6 37. Rf4 c4 38. bxc4 c6 39. Rxh4 Ra7
40. Kxg3 Rxa3 41. Nd4 Kc5 42. Nb3+ Kb4 43. Rf4 Kc3 44. Rf2 Ra8 45. h4 Re8 46.
h5 Rg8+ 47. Kf4 Rf8+ 48. Ke3 Rg8 49. Rh2 Rg3+ 50. Kf4 Rg1 51. h6 Rf1+ 52. Ke3
Re1+ 53. Kf4 Rf1+ 54. Ke5 Kb2 55. h7 Rd1 56. Kd6 Kb1 57. h8=Q Rxd3+ 58. cxd3 c5
59. Qb2# 1-0

[Event "HEM 2006 B"]
[Site "Marburg"]
[Date "2006.04.13"]
[Round "4.15"]
[White "Szwarc, Klaus Peter"]
[Black "Pichl, Uwe"]
[Result "1-0"]
[WhiteElo "1907"]
[BlackElo "1677"]
[PlyCount "87"]
[EventDate "2006.04.12"]
[EventType "swiss"]
[EventCountry "GER"]

1. c4 g6 2. g3 Bg7 3. Bg2 d6 4. e3 Nf6 5. Nc3 O-O 6. Nge2 c5 7. d3 Nc6 8. O-O
Bf5 9. f3 Qc8 10. g4 Bd7 11. Ng3 a6 12. a4 Nb4 13. Ra3 Bc6 14. e4 e6 15. Kh1
Rd8 16. Qe2 Nd7 17. f4 Re8 18. Qd1 Qc7 19. g5 Rad8 20. Nd5 exd5 21. exd5 Bxd5
22. cxd5 Nb6 23. Qb3 Re7 24. a5 Nd7 25. Bd2 Bd4 26. Ne4 f5 27. gxf6 Nxf6 28.
Nxf6+ Bxf6 29. Be4 Bd4 30. Bc3 Bg7 31. Ra4 Qd7 32. Bxb4 cxb4 33. Rxb4 Qh3 34.
Bg2 Qg4 35. f5 Qg5 36. fxg6 Re2 37. Rg1 Be5 38. d4 Bf4 39. Qh3 Rd7 40. Qxd7 Re7
41. Qc8+ Kg7 42. gxh7 Kxh7 43. Be4+ Rxe4 44. Rxg5 1-0

[Event "HEM 2006 B"]
[Site "Marburg"]
[Date "2006.04.13"]
[Round "4.16"]
[White "Grass, Ernest"]
[Black "Breitwieser, Peter"]
[Result "1-0"]
[WhiteElo "1637"]
[BlackElo "1898"]
[PlyCount "77"]
[EventDate "2006.04.12"]
[EventType "swiss"]
[EventCountry "GER"]

1. e4 e5 2. Nf3 Nc6 3. d4 exd4 4. Bc4 Nf6 5. O-O Nxe4 6. Re1 d5 7. Bxd5 Qxd5 8.
Nc3 Qh5 9. Nxe4 Be6 10. Bg5 h6 11. Bh4 Be7 12. Bxe7 Nxe7 13. Qxd4 O-O 14. Nc5
Nc6 15. Qc3 Bd5 16. Nxb7 Rab8 17. Nc5 Bxf3 18. gxf3 Rb5 19. Ne4 Ne5 20. Kg2 Ng6
21. Rg1 Rf5 22. Ng3 Rg5 23. Kh1 Qh3 24. Rad1 Nf4 25. Qe3 Nd5 26. Qe4 c6 27. c4
Nf6 28. Qxc6 Re8 29. Qd6 Nh5 30. c5 Re6 31. Qd8+ Kh7 32. Qd3+ Reg6 33. Rc1 Nf4
34. Qe4 Ne6 35. c6 Nc7 36. Qe7 Rh5 37. Rg2 Nd5 38. Qxf7 Rf5 39. Qxf5 1-0

[Event "HEM 2006 B"]
[Site "Marburg"]
[Date "2006.04.13"]
[Round "4.17"]
[White "Feigl, Markus"]
[Black "Henzner, Reiner"]
[Result "0-1"]
[WhiteElo "1761"]
[BlackElo "2098"]
[PlyCount "108"]
[EventDate "2006.04.12"]
[EventType "swiss"]
[EventCountry "GER"]

1. e4 c6 2. d4 d5 3. e5 Bf5 4. Bd3 Bxd3 5. Qxd3 Qa5+ 6. Nd2 Qa6 7. Qh3 e6 8. f4
Ne7 9. Ne2 g6 10. Nb3 b6 11. Be3 h5 12. Qf3 Nf5 13. Bf2 Nd7 14. O-O Be7 15. g3
c5 16. c3 c4 17. Nd2 b5 18. b4 Nb6 19. h4 Nh6 20. Kg2 O-O 21. Rfb1 Na4 22. a3
Ng4 23. Be1 Qb7 24. Ra2 a6 25. Rba1 Ra7 26. Nf1 f5 27. Ng1 Nh6 28. Ne3 Rfa8 29.
Qe2 Nb6 30. Qc2 Nf7 31. Nf3 Nd8 32. Bd2 Nc6 33. Nd1 a5 34. Qb1 Qa6 35. a4 axb4
36. cxb4 Nxa4 37. Rxa4 bxa4 38. b5 Qc8 39. bxc6 Qxc6 40. Bc3 Rb7 41. Qc2 a3 42.
Nd2 Qa4 43. Qa2 Bb4 44. Rb1 Rab8 45. Bxb4 Rxb4 46. Ra1 Ra8 47. Kh3 Qa6 48. Nf3
Rb3 49. Nd2 Rb2 50. Nxb2 axb2 51. Qxa6 bxa1=Q 52. Qxa1 Rxa1 53. Nf3 c3 54. Ng5
Ra6 0-1

[Event "HEM 2006 B"]
[Site "Marburg"]
[Date "2006.04.13"]
[Round "4.18"]
[White "Baqui, Khalid"]
[Black "Böhme, Erich"]
[Result "0-1"]
[WhiteElo "1243"]
[BlackElo "2067"]
[PlyCount "108"]
[EventDate "2006.04.12"]
[EventType "swiss"]
[EventCountry "GER"]

1. e4 c5 2. d3 Nc6 3. Be3 d6 4. Nf3 g6 5. Be2 Bg7 6. Nc3 Qb6 7. Rb1 Nd4 8. O-O
e6 9. Bd2 Bd7 10. a3 a5 11. Nxd4 cxd4 12. Na2 Ne7 13. c3 O-O 14. cxd4 Bxd4 15.
Bc3 Nc6 16. Bxd4 Nxd4 17. b4 Bc6 18. bxa5 Qxa5 19. Nb4 Qxa3 20. Nxc6 bxc6 21.
Re1 Rfb8 22. Rxb8+ Rxb8 23. Qd2 Rb2 24. Qe3 Nc2 25. Qc1 Nxe1 26. Qxe1 Qa2 27.
Bf1 Rb1 28. Qc3 Qa1 29. Qxa1 Rxa1 30. g3 c5 31. Kg2 Rd1 32. h3 Kf8 33. Be2 Rd2
34. Kf3 Ke7 35. Ke3 Rb2 36. f4 d5 37. e5 d4+ 38. Kf3 Kd7 39. Bd1 Kc6 40. Ba4+
Kd5 41. Bd1 c4 42. dxc4+ Kxc4 43. Be2+ d3 44. Bf1 Kc3 45. Ke3 d2 46. Be2 Rb1
47. Kf3 d1=Q 48. Bxd1 Rxd1 49. Ke2 Rd3 50. Kf2 Kd2 51. h4 h5 52. Kg2 Ke3 53.
Kh3 Kf3 54. Kh2 Rd1 0-1

[Event "HEM 2006 B"]
[Site "Marburg"]
[Date "2006.04.13"]
[Round "4.19"]
[White "Libuda, Thomas"]
[Black "Siegismund, Bernd"]
[Result "0-1"]
[WhiteElo "2026"]
[BlackElo "1749"]
[PlyCount "76"]
[EventDate "2006.04.12"]
[EventType "swiss"]
[EventCountry "GER"]

1. d4 Nf6 2. Nf3 g6 3. e3 Bg7 4. c4 d6 5. b4 c5 6. Bb2 Qb6 7. b5 Bf5 8. a4 a5
9. Bd3 Bxd3 10. Qxd3 O-O 11. Nbd2 Nbd7 12. O-O Qc7 13. Rfd1 e5 14. dxe5 dxe5
15. Ne4 Rad8 16. Nd6 Ne8 17. Ne4 Nef6 18. Nxf6+ Bxf6 19. Qe4 Bg7 20. Kf1 Rfe8
21. Rd5 f6 22. Bc3 Nf8 23. Rad1 f5 24. Qh4 Rxd5 25. Rxd5 e4 26. Be1 exf3 27.
gxf3 Nd7 28. Qg3 Ne5 29. Bc3 b6 30. h4 Qe7 31. h5 Nxc4 32. Bxg7 Qxg7 33. hxg6
hxg6 34. e4 fxe4 35. fxe4 Qh6 36. Rg5 Qh1+ 37. Ke2 Qxe4+ 38. Kf1 Qh1+ 0-1

[Event "HEM 2006 B"]
[Site "Marburg"]
[Date "2006.04.13"]
[Round "4.20"]
[White "Schreiber, Torsten"]
[Black "Keim, Alexander"]
[Result "1/2-1/2"]
[WhiteElo "1968"]
[BlackElo "1682"]
[PlyCount "36"]
[EventDate "2006.04.12"]
[EventType "swiss"]
[EventCountry "GER"]

1. Nf3 e6 2. d4 d5 3. Bf4 Nf6 4. e3 Be7 5. h3 O-O 6. Bd3 b6 7. Nbd2 Ba6 8. Bxa6
Nxa6 9. Qe2 Nb4 10. O-O c5 11. Ne5 cxd4 12. a3 Nxc2 13. Rac1 dxe3 14. fxe3 Nxa3
15. bxa3 Bxa3 16. Rc3 Bc5 17. Nc6 Qd7 18. Ne5 Qd8 1/2-1/2

[Event "HEM 2006 B"]
[Site "Marburg"]
[Date "2006.04.13"]
[Round "4.21"]
[White "Henninger, Sascha"]
[Black "Struth, Jürgen"]
[Result "1-0"]
[WhiteElo "1805"]
[BlackElo "1642"]
[PlyCount "67"]
[EventDate "2006.04.12"]
[EventType "swiss"]
[EventCountry "GER"]

1. c4 Nf6 2. d4 e5 3. dxe5 Ng4 4. Bf4 Nc6 5. Nf3 Bb4+ 6. Nc3 Qe7 7. Qd5 f6 8.
exf6 Nxf6 9. Qd3 d6 10. g3 O-O 11. Bg2 Ne4 12. O-O Bxc3 13. bxc3 Nc5 14. Qd1
Be6 15. Nd4 Bd7 16. Qd2 Rae8 17. Rfe1 Kh8 18. Bd5 Ne5 19. Bg5 Rf6 20. Bxf6 Qxf6
21. Nf3 Rf8 22. Qd4 Ne6 23. Bxe6 Bxe6 24. c5 Nxf3+ 25. exf3 dxc5 26. Qxc5 Bh3
27. Qh5 Be6 28. Re3 Rd8 29. Qe5 Qxe5 30. Rxe5 Bh3 31. Rae1 h6 32. Re8+ Rxe8 33.
Rxe8+ Kh7 34. Re7 1-0

[Event "HEM 2006 B"]
[Site "Marburg"]
[Date "2006.04.13"]
[Round "4.22"]
[White "Kuhn, Gerhard"]
[Black "Krischak, Werner"]
[Result "1-0"]
[WhiteElo "2085"]
[BlackElo "1721"]
[PlyCount "57"]
[EventDate "2006.04.12"]
[EventType "swiss"]
[EventCountry "GER"]

1. e4 c6 2. d4 d5 3. exd5 cxd5 4. Bd3 Nf6 5. c3 Nc6 6. Bg5 e6 7. Nd2 Be7 8.
Ngf3 Qc7 9. Qe2 O-O 10. O-O Re8 11. Ne5 Nxe5 12. dxe5 Ne4 13. Nxe4 dxe4 14.
Qxe4 Bxg5 15. Qxh7+ Kf8 16. Qh8+ Ke7 17. Qxg7 Bf4 18. Qf6+ Kf8 19. Qxf4 Bd7 20.
Qh6+ Ke7 21. Qf6+ Kf8 22. Rfe1 Bc6 23. Re3 Qd8 24. Rh3 Qxf6 25. exf6 Kg8 26.
Re1 Rad8 27. Bh7+ Kh8 28. Bc2+ Kg8 29. Ree3 1-0

[Event "HEM 2006 B"]
[Site "Marburg"]
[Date "2006.04.13"]
[Round "4.23"]
[White "Jordake, Michael"]
[Black "Hahn, Werner"]
[Result "0-1"]
[WhiteElo "1621"]
[BlackElo "2147"]
[PlyCount "80"]
[EventDate "2006.04.12"]
[EventType "swiss"]
[EventCountry "GER"]

1. e4 c5 2. Nf3 d6 3. Nc3 a6 4. d4 cxd4 5. Nxd4 Nf6 6. Bd3 e5 7. Nde2 Be7 8.
Bg5 Nxe4 9. Bxe7 Nxc3 10. Bxd8 Nxd1 11. Rxd1 Kxd8 12. Bc4 Ke7 13. O-O Nc6 14.
Rfe1 Bf5 15. Nf4 Be6 16. Nd5+ Bxd5 17. Bxd5 Rac8 18. c3 f5 19. f4 e4 20. g4 g6
21. Kg2 Rc7 22. Re3 Nd8 23. gxf5 gxf5 24. Rg3 Ne6 25. Rf1 Rc5 26. c4 b5 27. b4
Rcc8 28. cxb5 axb5 29. Rf2 Rhg8 30. Kh3 h5 31. Ra3 Rg4 32. Bxe6 Kxe6 33. Rg3 d5
34. Rxg4 fxg4+ 35. Kg2 Kf5 36. Rd2 Rd8 37. Kg3 d4 38. Rc2 h4+ 39. Kf2 e3+ 40.
Ke1 d3 0-1

[Event "HEM 2006 B"]
[Site "Marburg"]
[Date "2006.04.13"]
[Round "4.24"]
[White "Popp, Matthias"]
[Black "Ewin, Hans-Peter"]
[Result "0-1"]
[WhiteElo "1541"]
[BlackElo "1976"]
[PlyCount "76"]
[EventDate "2006.04.12"]
[EventType "swiss"]
[EventCountry "GER"]

1. d4 Nf6 2. Nf3 g6 3. Bf4 Bg7 4. e3 d6 5. Bc4 Nbd7 6. Bxf7+ Kxf7 7. Ng5+ Kg8
8. Ne6 Qe8 9. Nxc7 Qd8 10. Nxa8 g5 11. Bxg5 Qa5+ 12. c3 Qxg5 13. Qf3 Qa5 14.
Nd2 Nf8 15. Ne4 Ng6 16. b4 Qd8 17. O-O Nxe4 18. Qxe4 Bf6 19. Qd5+ Kg7 20. Qb5
Be6 21. Qxb7 Qxa8 22. Qxa8 Rxa8 23. a4 Bc4 24. Rfb1 a6 25. a5 e5 26. d5 e4 27.
Rd1 Rc8 28. Ra3 Ne5 29. h3 Bd3 30. Rc1 Bb5 31. Raa1 Nd3 32. Rcb1 Bxc3 33. Ra2
Bxb4 34. f3 exf3 35. gxf3 Rc1+ 36. Rxc1 Nxc1 37. Ra1 Bc5 38. Rb1 Bxe3+ 0-1

[Event "HEM 2006 B"]
[Site "Marburg"]
[Date "2006.04.13"]
[Round "4.25"]
[White "Feigl, Gerold"]
[Black "Brahn, Helmut"]
[Result "1-0"]
[WhiteElo "1514"]
[BlackElo "1886"]
[PlyCount "118"]
[EventDate "2006.04.12"]
[EventType "swiss"]
[EventCountry "GER"]

1. e4 c5 2. Bc4 d6 3. Nf3 Nf6 4. Nc3 e6 5. d3 a6 6. a4 Nc6 7. Ne2 Be7 8. c3 h6
9. Bd2 O-O 10. Bb3 Bd7 11. c4 Re8 12. Ng3 Qc7 13. O-O Rac8 14. Re1 e5 15. h3
Be6 16. Bc2 Nd4 17. b3 Qd7 18. Nxd4 cxd4 19. Kh2 Nh7 20. Qh5 Nf6 21. Qd1 Qc7
22. Qf3 d5 23. exd5 Bxd5 24. Ne4 Bxe4 25. dxe4 Nh7 26. Bd3 Bg5 27. Bxg5 Nxg5
28. Qg4 Qb6 29. Rab1 Ne6 30. Qd1 Qd6 31. f3 Rc6 32. g3 Rb6 33. Re2 Nc5 34. Reb2
Re6 35. b4 Nxd3 36. Qxd3 Rc6 37. c5 Qc7 38. g4 a5 39. bxa5 Rxc5 40. Rxb7 Qxa5
41. R7b4 Rc3 42. Qd1 Qc5 43. Kg3 d3 44. R4b3 Rc2 45. Qg1 Qxg1+ 46. Rxg1 Rd6 47.
Rd1 d2 48. Rbb1 Rdc6 49. Kf2 Rc1 50. Rb8+ Kh7 51. Ke2 Rxd1 52. Kxd1 Ra6 53. Rb4
Rd6 54. Rb3 f6 55. a5 Kg6 56. h4 Rd7 57. a6 Kf7 58. Rb7 Ke6 59. Rxd7 Kxd7 1-0

[Event "HEM 2006 B"]
[Site "Marburg"]
[Date "2006.04.13"]
[Round "4.26"]
[White "Siegismund, Florian"]
[Black "Ferozkohi, Ihsan"]
[Result "0-1"]
[WhiteElo "1476"]
[BlackElo "1847"]
[PlyCount "64"]
[EventDate "2006.04.12"]
[EventType "swiss"]
[EventCountry "GER"]

1. d4 Nf6 2. c4 g6 3. Nc3 Bg7 4. Nf3 O-O 5. e4 d6 6. Be3 c6 7. Be2 Ng4 8. Bd2
e5 9. d5 Qb6 10. O-O f5 11. h3 Nf6 12. Qc2 f4 13. b3 Na6 14. Na4 Qc7 15. Rac1
Nxe4 16. dxc6 Nxd2 17. Qxd2 bxc6 18. Rcd1 Rd8 19. Rfe1 Bb7 20. Ng5 Qe7 21. Nf3
Nc7 22. Nc3 d5 23. cxd5 cxd5 24. Qc2 Kh8 25. g3 fxg3 26. fxg3 Rac8 27. Kh2 d4
28. Nb1 Nd5 29. Qd2 Ne3 30. Rc1 Qf6 31. Rxc8 Rxc8 32. Rc1 Rf8 0-1

[Event "HEM 2006 B"]
[Site "Marburg"]
[Date "2006.04.13"]
[Round "4.27"]
[White "Sander, Rudi"]
[Black "Freund, Klaus"]
[Result "1-0"]
[WhiteElo "1345"]
[BlackElo "1756"]
[PlyCount "113"]
[EventDate "2006.04.12"]
[EventType "swiss"]
[EventCountry "GER"]

1. d4 d5 2. c4 e6 3. Nc3 Nf6 4. Bg5 Be7 5. Bxf6 Bxf6 6. e3 O-O 7. Nf3 dxc4 8.
Bxc4 Nd7 9. O-O Nb6 10. Bd3 g6 11. Rc1 Bd7 12. a4 Rc8 13. Be4 c6 14. b3 Bg7 15.
a5 Nd5 16. Bxd5 exd5 17. b4 a6 18. Na4 Rc7 19. Nc3 Bg4 20. h3 Bf5 21. Re1 Re8
22. Qd2 h5 23. Kh2 Bf8 24. Na4 Qd6+ 25. g3 Qxb4 26. Nc5 Qxd2 27. Nxd2 Bxc5 28.
Rxc5 Rce7 29. Rc3 g5 30. f3 g4 31. fxg4 hxg4 32. h4 Re6 33. Rb3 Kg7 34. Kg2
R8e7 35. Kf2 Bc2 36. Rc3 Ba4 37. Rb1 Rf6+ 38. Kg2 Bb5 39. Re1 Rfe6 40. Nb3 Re4
41. Kf2 Kf8 42. Nc5 f5 43. Nxe4 Rxe4 44. Rc2 Re6 45. Kg1 Ke7 46. Rf2 Rf6 47.
Rc1 Kd6 48. Rf4 Kc7 49. Rc2 b6 50. axb6+ Kxb6 51. Rcf2 Bd3 52. Rxg4 Re6 53. Rg8
Rxe3 54. Rb2+ Kc7 55. Rg7+ Kd6 56. Rbb7 Re6 57. Rgd7# 1-0

[Event "HEM 2006 B"]
[Site "Marburg"]
[Date "2006.04.13"]
[Round "4.28"]
[White "Fay, Roland"]
[Black "Riedl, Janis"]
[Result "0-1"]
[WhiteElo "1739"]
[BlackElo "1250"]
[PlyCount "68"]
[EventDate "2006.04.12"]
[EventType "swiss"]
[EventCountry "GER"]

1. d4 d5 2. Nf3 c6 3. Bf4 e6 4. c4 dxc4 5. Nc3 b5 6. g3 Bb7 7. Bg2 Bb4 8. O-O
Nf6 9. Ne5 Nd5 10. Bd2 Bxc3 11. bxc3 Nd7 12. e4 N5b6 13. f4 O-O 14. Qe2 c5 15.
Nxd7 Nxd7 16. f5 cxd4 17. cxd4 e5 18. Bb4 exd4 19. Bxf8 Qxf8 20. Rab1 Qc5 21.
Kh1 Ne5 22. f6 g6 23. Qd2 Kf8 24. a4 a6 25. axb5 axb5 26. Ra1 b4 27. Rxa8+ Bxa8
28. Qh6+ Ke8 29. Qxh7 c3 30. Qh8+ Qf8 31. Qh3 Kd8 32. g4 c2 33. Qb3 Qc5 34. Rc1
d3 0-1

[Event "HEM 2006 B"]
[Site "Marburg"]
[Date "2006.04.13"]
[Round "4.29"]
[White "Krüger, Jens"]
[Black "Ottinger, Rüdiger"]
[Result "0-1"]
[WhiteElo "1214"]
[BlackElo "1733"]
[PlyCount "78"]
[EventDate "2006.04.12"]
[EventType "swiss"]
[EventCountry "GER"]

1. e4 e5 2. Nf3 Nc6 3. Bc4 Nf6 4. Nc3 Bb4 5. O-O O-O 6. d3 Bxc3 7. bxc3 d6 8.
Re1 Bg4 9. d4 Bxf3 10. gxf3 Nh5 11. Kh1 Ne7 12. Rg1 Kh8 13. Be3 Ng6 14. Qe2
Ngf4 15. Qf1 Qf6 16. Rg4 c6 17. Re1 b5 18. Rd1 bxc4 19. dxe5 dxe5 20. Qg1 Rad8
21. Bc5 Rfe8 22. Rxd8 Rxd8 23. Rg5 Nh3 24. Qg4 Qxg5 25. Qxg5 Nxg5 26. Be7 Rd1+
27. Kg2 f6 28. h4 Nf4+ 29. Kh2 Nxf3+ 30. Kg3 Nd2 31. Kh2 Nxe4 32. f3 Rd2+ 33.
Kg1 Rg2+ 34. Kf1 Nd2+ 35. Ke1 Nxf3+ 36. Kf1 Nd2+ 37. Ke1 Re2+ 38. Kd1 Nf3 39.
Bc5 Re1# 0-1

[Event "HEM 2006 B"]
[Site "Marburg"]
[Date "2006.04.13"]
[Round "4.31"]
[White "Ullmann, Stefan"]
[Black "Siegismund, Verena"]
[Result "1-0"]
[WhiteElo "1663"]
[BlackElo "1169"]
[PlyCount "75"]
[EventDate "2006.04.12"]
[EventType "swiss"]
[EventCountry "GER"]

1. c4 d6 2. g3 g6 3. Bg2 Bg7 4. d4 c6 5. Nc3 Nf6 6. e4 O-O 7. Nge2 Bd7 8. O-O
Re8 9. h3 e5 10. d5 a6 11. Be3 b5 12. cxb5 cxd5 13. Nxd5 Bxb5 14. Re1 Nxd5 15.
Qxd5 Nc6 16. a3 Rc8 17. Rac1 Ne7 18. Qd2 Rxc1 19. Rxc1 d5 20. exd5 Nxd5 21.
Bxd5 Bxe2 22. Bxf7+ Kxf7 23. Qxe2 Qd6 24. Qc4+ Kf6 25. b4 Bf8 26. Bc5 Qc6 27.
Bxf8 Qxc4 28. Rxc4 Rxf8 29. Rc6+ Ke7 30. Rxa6 Rb8 31. Kf1 Rd8 32. Ke2 Rd4 33.
b5 Kd7 34. a4 Kc7 35. Ke3 Kb7 36. f4 Rd5 37. Ke4 Rd7 38. fxe5 1-0

[Event "HEM 2006 B"]
[Site "Marburg"]
[Date "2006.04.13"]
[Round "4.32"]
[White "Kohlmeyer, Klaus"]
[Black "Stöhr, Alexander"]
[Result "1-0"]
[WhiteElo "1631"]
[BlackElo "1341"]
[PlyCount "51"]
[EventDate "2006.04.12"]
[EventType "swiss"]
[EventCountry "GER"]

1. d4 Nf6 2. c4 e6 3. Nc3 Bb4 4. a3 Bxc3+ 5. bxc3 b6 6. Bg5 Bb7 7. f3 h6 8. Bh4
d5 9. cxd5 exd5 10. e3 O-O 11. Bd3 Re8 12. Qd2 Qe7 13. Bxf6 Qxf6 14. Ne2 Qe7
15. Kf2 Nd7 16. Rhe1 c5 17. Ng3 c4 18. Bc2 Qf6 19. e4 dxe4 20. Bxe4 Bxe4 21.
Rxe4 Rxe4 22. Nxe4 Qh4+ 23. Kg1 Nf6 24. Nd6 Nd5 25. Re1 Nf4 26. Re4 1-0

[Event "HEM 2006 B"]
[Site "Marburg"]
[Date "2006.04.13"]
[Round "4.33"]
[White "Höllwarth, Kai"]
[Black "Bachmann, Björn"]
[Result "1-0"]
[WhiteElo "1623"]
[BlackElo "1229"]
[PlyCount "57"]
[EventDate "2006.04.12"]
[EventType "swiss"]
[EventCountry "GER"]

1. e4 d6 2. d4 Nf6 3. Bd3 g6 4. Ne2 Bg7 5. Bg5 O-O 6. Qd2 c6 7. c4 e5 8. d5 Qb6
9. O-O Na6 10. Be3 Qb4 11. a3 Qxd2 12. Nxd2 Ng4 13. Bg5 h6 14. Bh4 Nc5 15. Bc2
Bf6 16. Bxf6 Nxf6 17. b4 Ncd7 18. dxc6 bxc6 19. Nc3 a5 20. Rad1 axb4 21. axb4
Bb7 22. Nf3 c5 23. Rxd6 cxb4 24. Nd5 Rfe8 25. Nxf6+ Nxf6 26. Rxf6 Ba6 27. Bb3
Red8 28. Nxe5 Ra7 29. Nc6 1-0

[Event "HEM 2006 B"]
[Site "Marburg"]
[Date "2006.04.13"]
[Round "4.34"]
[White "Buerkle, Alois"]
[Black "Kitzler, Manfred"]
[Result "0-1"]
[WhiteElo "1317"]
[BlackElo "1459"]
[PlyCount "56"]
[EventDate "2006.04.12"]
[EventType "swiss"]
[EventCountry "GER"]

1. Nf3 c5 2. e4 Nc6 3. d4 cxd4 4. Nxd4 Nf6 5. Nc3 e5 6. Nf3 Bb4 7. Bd2 Bxc3 8.
Bxc3 Nxe4 9. Bxe5 Nxe5 10. Nxe5 Qa5+ 11. c3 Qxe5 12. Qe2 Qe6 13. O-O-O O-O 14.
Qe3 Re8 15. Bd3 Nf6 16. Qg3 Qxa2 17. Bb1 Qa5 18. h4 Nh5 19. Qd3 g6 20. g4 Nf6
21. h5 Nxg4 22. hxg6 Qg5+ 23. Rd2 fxg6 24. Ba2+ Kg7 25. Rg1 Qf4 26. f3 Ne5 27.
Qd6 Qf6 28. Qc7 Qf4 0-1

[Event "HEM 2006 B"]
[Site "Marburg"]
[Date "2006.04.13"]
[Round "4.35"]
[White "Zimmermann, Heinz"]
[Black "Parr, Daniel"]
[Result "0-1"]
[WhiteElo "1429"]
[BlackElo "1277"]
[PlyCount "66"]
[EventDate "2006.04.12"]
[EventType "swiss"]
[EventCountry "GER"]

1. e4 d6 2. c3 f5 3. d3 Nc6 4. Nf3 e5 5. Be2 h6 6. exf5 Bxf5 7. Nbd2 Nf6 8. Nh4
Bh7 9. Bh5+ g6 10. Bxg6+ Bxg6 11. Nxg6 Rg8 12. Nxf8 Qe7 13. O-O Qxf8 14. Ne4
O-O-O 15. Ng3 Kb8 16. h3 Qg7 17. Kh2 Ne7 18. Rg1 Ng6 19. Nf5 Qd7 20. g4 Rh8 21.
Rg3 Ng8 22. Be3 Rf8 23. Rf3 h5 24. Qg1 N6e7 25. Nxe7 Rxf3 26. Qg2 hxg4 27. Nxg8
Rfxh3+ 28. Kg1 Rxg8 29. Kf1 Qf5 30. Qd5 Rc8 31. c4 Rxe3 32. d4 g3 33. Qg2 Rf3
0-1